Дело о пожаловании драматическому писателю Александру Островскому бриллиантового перстня из Кабинета его величества за сочиненую...

RUSMARC
00004990cbc2a2200000#x 450
0018a3eab58-65cd-4400-873e-9040a2507c08
00520230320151521.0
1010#$arus
102##$aRU
2001#$aДело о пожаловании драматическому писателю Александру Островскому бриллиантового перстня из Кабинета его величества за сочиненую им драму: "Козьма Минин- Сухорук"
$j17 февраля - 26 марта 1862 г.
251##$cДело
215##$a12 листов
$d36,5х26 см
2250#$aФонд Департамент народного просвещения Министерства народного просвещения
$hОпись № 5
801#0$aRU
$bРГИА
801#1$2rusmarc
$aRU
$bРГИА
$c20160805
801#2$aRU
$bПБ им. Б.Н. Ельцина
$gRCR
$2rusmarc
850##$aФедеральное казенное учреждение "Российский государственный исторический архив"
852##$aРГИА
$j206
100##$a20130909l18621862k##a0rusy0102####ca
937##$d10765139
$hПБ
105##$ay###
1222#$ad18620217##
$ad18620326##
461#0$1001a74412a3-3cc5-4d21-8f0a-dfe2fbd9e72d
$12001
$aДепартамент народного просвещения Министерства народного просвещения
$1251
$cФонд
$1852
$j733
462#0$1001c92179f3-edd4-4ce9-84cd-70ccf585cbac
$12001
$a1859-1862 гг.
$vД. 206
$1251
$cОпись
$1852
$j5
035##$a8a3eab58-65cd-4400-873e-9040a2507c08
300##$aРукописный текст. Чернила
300##$aОригинальный заголовок дела: Дело о пожаловании драматического писателя Александра Островского, бриллиантовым перстнем из Кабинета его величества за сочиненую им драму: "Козьма Минин Сухорук"
5171#$aДело о пожаловании драматического писателя Александра Островского, бриллиантовым перстнем из Кабинета его величества за сочиненую им драму: "Козьма Минин Сухорук"
600#1$2nlr_sh
$3RU\NLR\AUTH\66370345
$aОстровский
$bА.Н.
$f1823 - 1886
$gАлександр Николаевич
$jАрхивные дела
605##$2acquisition_Prlib
$3LIBNET\UAF\0000106615
$aА. Н. Островский
$lколлекция
605##$2acquisition_Prlib
$3DITM\AF\0000003865
$aРусский язык
$lколлекция
686##$2rubbk
$a83.3(2=Рус)5-8Островский.ю1
$vLBC/M
Формат отображения